Nové možnosti transplantácie pečene pri hepatocelulárnom karcinóme

Bibliographic Details
Format: Article
Language:Slovak
PhysicalDescription:Fotogr.
ISSN:1335-4477
Subjects:

MARC

LEADER 00000nab a2200000 a 4500
001 vtls001489741
003 SK-MaSNL
005 20260304214819.0
008 140303c2004 xo wrzp 0 0slo
015 |a SNBRB2005/01  |2 snkbucl 
040 |a SNKNBUCL  |b slo  |c SNKBUCL  |e AACR2 
041 0 |a slo 
044 |a xo  |c SK 
080 |a 616.36-006.6-089.843  |2 1997 
245 0 0 |a Nové možnosti transplantácie pečene pri hepatocelulárnom karcinóme  |c [spracoval] (sih) 
300 |b Fotogr. 
500 |a Prevzaté: Annals of Surgery, 2004, 239, č. 2 
650 0 7 |a hepatóm  |2 snkbucl  |9 150837 
650 0 7 |a karcinóm pečene  |2 snkbucl  |9 902577 
650 0 7 |a terapia  |2 snkbucl  |9 781 
650 0 7 |a transplantácia pečene  |2 snkbucl  |9 20929 
773 0 |t Zdravotnícke noviny  |g Roč. IX, č. 38 (2004)  |x 1335-4477 
773 0 8 |t Lekárske listy  |g Č. 38 (2004), s. 10 
852 |a SNK  |b KIS3GCP 
999 |c 3143386  |d 3145316